000 00918nam a2200253Ia 4500
003 OSt
005 20220923225338.0
006 a|||||r|||| 00| 0
007 ta
008 220922b |||||||| |||| 00| 0 hin d
024 _a263,707
037 _cTextual
040 _aARTS
_cARTS
_bhin
041 _2hin
_ahin
082 _aV2:51.N5, 152N0
100 _aबंसीधर
245 0 _aभारत में क्रान्तिकारी आन्दोलन तथा सयाजीराव गायकवाड (तृतीय)
246 _aBhārat mean krāntikārī āndolan tathā sayājīrāv gāyakavāḍ (tṛutīya)
260 _aनई दिल्ली
_b पुस्तकायन
_c1990
300 _a148पृ.
_ccm.
650 _aविश्व-इतिहास
942 _hV2:51.N5, 152N0
_cTEXL
_2CC
999 _c377658
_d377658